G65-包茂高速公路途径行政区 - Statistics

General Stats
  • This quiz has been taken 13 times
  • The average score is 20 of 23
Answer Stats
Answer % Correct
包头
100%
鄂尔多斯
100%
榆林
100%
延安
100%
铜川
100%
咸阳
100%
西安
100%
咸阳
100%
西安
100%
商洛
91%
安康
91%
汉中
82%
达州
82%
广安
82%
重庆
82%
湘西州
82%
怀化
73%
桂林
73%
贺州
73%
茂名
73%
邵阳
64%
怀化
64%
梧州
64%
No matching quizzes found
Score Distribution
Percent of People with Each Score
Percentile by Number Answered
Your Score History
You have not taken this quiz